| 000 | 00379nam a2200157Ia 4500 | ||
|---|---|---|---|
| 008 | 221030s9999 xx 000 0 und d | ||
| 020 | _a8185842965 | ||
| 041 | _aEnglish | ||
| 082 |
_a105.23 _bSha |
||
| 100 | _aB. K. Sharma | ||
| 245 | 0 |
_aElectro Chemistry _cby B. K. Sharma |
|
| 260 |
_bKrishna Prakashans _aMeerut _c1998 |
||
| 300 | _a476 | ||
| 650 | _aChemistry | ||
| 942 | _cBK | ||
| 999 |
_c7058 _d7058 |
||